| 000 | 00783nam a2200193 i 4500 | ||
|---|---|---|---|
| 001 | 165035 | ||
| 003 | ES-MaACL | ||
| 005 | 20251003063147.0 | ||
| 008 | 950206n1831 sp |||| | spa d | ||
| 100 | 1 |
_aScott, Walter, _cSir, _d1771-1832 _9104957 |
|
| 245 | 1 | 4 |
_aLas cárceles de Edimburgo / _cpor Walter Scott. |
| 260 |
_aMadrid : _bOficina de Moreno, _c1831. |
||
| 300 |
_a4 v. ; _c15 cm. |
||
| 490 | 1 |
_aNueva colección de novelas de Sir Walter Scott / traducidas por una sociedad de literatos ; _v9-12 |
|
| 597 | _aT.I (223 p.) - T.II (218 p.) - T.III (211 p.) - T.IV (227 p.) | ||
| 830 | 0 |
_aNueva colección de novelas de Sir Walter Scott _v9-12 _9222402 |
|
| 852 |
_aES-MaACL _jR-1944-47 _z- Enc. pasta española. Olim: D-3345-8. |
||
| 999 |
_c165035 _d165035 |
||